Вэйвлет базис для анализа и синтеза сигналов; Современные техника и технологии; Т. 2

Dettagli Bibliografici
Parent link:Современные техника и технологии: X Юбилейная международная научно-практическая конференция студентов, аспирантов и молодых ученых, посвященная 400-летию г. Томска, Томск, 29 марта - 2 апреля 2004 г./ Томский политехнический университет.— , 2004
Т. 2.— 2004.— С. 149-150
Autore principale: Исаев Ю. Н. Юсуп Ниязбекович
Altri autori: Колчанова В. А. Вероника Андреевна
Lingua:russo
Pubblicazione: 2004
Soggetti:
Natura: MixedMaterials Capitolo di libro
KOHA link:https://koha.lib.tpu.ru/cgi-bin/koha/opac-detail.pl?biblionumber=183355

MARC

LEADER 00000naa2a2200000 4500
001 183355
005 20251205144838.0
035 |a (RuTPU)RU\TPU\book\198766 
090 |a 183355 
100 |a 20100715d2004 k y0rusy50 ca 
101 0 |a rus 
102 |a RU 
200 1 |a Вэйвлет базис для анализа и синтеза сигналов  |f Ю. Н. Исаев, В. А. Колчанова 
320 |a Библиогр.: 2 назв. 
461 1 |0 (RuTPU)RU\TPU\book\66154  |t Современные техника и технологии  |o X Юбилейная международная научно-практическая конференция студентов, аспирантов и молодых ученых, посвященная 400-летию г. Томска, Томск, 29 марта - 2 апреля 2004 г.  |o труды  |f Томский политехнический университет  |d 2004 
463 0 |0 (RuTPU)RU\TPU\book\65883  |t Т. 2  |v С. 149-150  |d 2004 
610 1 |a сигналы 
610 1 |a анализ 
610 1 |a синтез 
610 1 |a вэйвлет 
610 1 |a изображения 
610 1 |a скейлинговая функция 
610 1 |a труды учёных ТПУ 
700 1 |a Исаев  |b Ю. Н.  |c специалист в области электротехники  |c профессор Томского политехнического университета, доктор физико-математических наук  |f 1960-  |g Юсуп Ниязбекович  |3 (RuTPU)RU\TPU\pers\25324  |9 11306 
701 1 |a Колчанова  |b В. А.  |c специалист в области электротехники  |c доцент Томского политехнического университета, кандидат технических наук  |f 1968-  |g Вероника Андреевна  |3 (RuTPU)RU\TPU\pers\26437  |9 12141 
801 1 |a RU  |b 63413507  |c 20100715 
801 2 |a RU  |b 63413507  |c 20140326  |g RCR 
942 |c BK